000 00292nam a22001337a 4500
008 180926b xxu||||| |||| 00| 0 eng d
020 _a9780070504943
041 _aeng
080 _28th
_a33
100 _a58
101 _aBIZ
245 _aBusiness and Society
_cPost,J.E
942 _2udc
_cBK
999 _c48488
_d48488